000
00290 a2200121 4500
001
75620
005
20260303103926.0
010
_a
978-989-722-443-0
090
_a
75620
100
_a
20260303 pory50
200
_a
Elogio da Sede
_f
José Tolentino Mendonça
210
_c
Quetzal
_d
2018
942
_c
MON